Devinez le Département Mystère #70 - Statistiques

Statistiques générales
  • Ce quiz a été pris 214 fois
  • Le résultat moyen est 27 sur 30
Statistiques - réponses
Type de Réponse Réponse % Correct
Lettre de l'Alphabet I
99%
Lettre Trouvée A
98%
Lettre de l'Alphabet E
98%
Lettre de l'Alphabet L
98%
Lettre de l'Alphabet N
98%
Lettre de l'Alphabet O
97%
Lettre Trouvée R
97%
Lettre de l'Alphabet S
97%
Lettre de l'Alphabet T
97%
Lettre de l'Alphabet D
96%
Lettre de l'Alphabet H
94%
Lettre de l'Alphabet U
94%
Lettre de l'Alphabet C
93%
Lettre de l'Alphabet G
93%
Lettre de l'Alphabet P
92%
Lettre de l'Alphabet M
91%
Lettre de l'Alphabet B
90%
Lettre Trouvée V
90%
Lettre de l'Alphabet Y
89%
Lettre de l'Alphabet F
88%
Lettre de l'Alphabet J
85%
Lettre de l'Alphabet Q
85%
Lettre Bien Placée A
84%
Lettre de l'Alphabet K
84%
Lettre Bien Placée R
84%
Lettre Bien Placée V
84%
Département Mystère Var
84%
Lettre de l'Alphabet W
84%
Lettre de l'Alphabet X
84%
Lettre de l'Alphabet Z
84%
Aucun quiz correspondant
Distribution des résultats
% des personnes avec chaque résultat
Percentile par nombre de réponses
Votre historique - résultats
Vous n’avez pas pris ce quiz